000 00503nam a2200169Ia 4500
008 231217s9999 xx 000 0 und d
020 _a876926839
041 _aEnglish
082 _a001.6424WIN SCH;2 R1
100 _aScheifler, Robert R. Gettys, James.
245 0 _aX Window system : the complete reference to Xlib, X Protocol, Icccm and Xlfd
250 _a2nd ed.
260 _c1992
_bPHI
_aNew Delhi
300 _axxiv+850
650 _aX,Window,Xlib,,X,Protocol,,Icccm,Xlfd
942 _cAA
999 _c182591
_d182591